Constantius Peregrinus castigatus : seu Relectio itineris quadrimestris Buquoi /

Hlavní autor: Keller, Jakob, 1568-1631
Další autoři: Buquoi, Charles Bonaventure de Longueval, hrabě, 1571-1621, Junius, Balduinus, 1583-1634
Jazyk: Latina
Vydáno: Bruggae : Apud Henricum Leporarium [fing.], 1621
Témata:
Fyzický popis: [4], 95 s. ; 4°
Knihy
Uloženo v:
LEADER 01489nam a2200373 a 4500
001 mzk03000450633
003 CZ BrMZK
005 20110809085521.0
008 990305s1621 be fr|||||00| ||latod
040 |a BOA001  |b cze 
072 7 |a 094  |x Staré tisky  |2 Konspekt  |9 12 
080 |a (0.068)094  |2 MRF 
100 1 |a Keller, Jakob,  |d 1568-1631  |7 mzk2009532572  |4 aut 
245 1 0 |a Constantius Peregrinus castigatus :  |b seu Relectio itineris quadrimestris Buquoi /  |c Authore Berchtoldo a Rauchenstein 
246 3 |a Relectio itineris quadrimestris Buquoi 
246 3 2 |a Buquoy Quadrimestre Iter, Progressusque 
260 |a Bruggae :  |b Apud Henricum Leporarium [fing.],  |c 1621 
300 |a [4], 95 s. ;  |c 4° 
500 |a Výzdoba: Nad impresem viněta, vlys, iniciály 
500 |a Za autora je pokládán bavorský jezuita Jakob Keller 
510 4 |a Zíbrt, Č. Bibliografie české historie,  |c IV, 6557 
561 |a Provenience: [razítko] Franzens Museum [Brünn] 
655 7 |a staré tisky  |7 fd422076  |2 czenas 
700 1 |a Buquoi, Charles Bonaventure de Longueval,  |c hrabě,  |d 1571-1621  |4 hnr 
700 1 |a Junius, Balduinus,  |d 1583-1634  |7 mzk2003200499  |4 ant 
903 |a RP 
910 |a BOA001  |b ST1-0011.394 
978 |b Leporarium, Henricus [fing.]  |a Brugge  |c 1621 
984 |a Bruggy  |b Belgie 
985 |a 1601-1650 
990 |a BK 
993 |a Y 
991 |k mzk 
996 6 |b 2619758487  |c ST1-0011.394  |l stud. ST  |r Sklad / do násl. otevíracího dne  |n 0  |w 000450633  |u 000010  |a 1  |e BOA001  |s P